| 000 | 00557nam a2200181Ia 4500 | ||
|---|---|---|---|
| 003 | LDD | ||
| 008 | 190117s9999 xx 000 0 und d | ||
| 020 |
_a8170167248 _c₹125 |
||
| 040 | _cLDD | ||
| 041 | _ahi | ||
| 082 | _a8H3.7 मु4663द | ||
| 100 | _aमुद्राराक्षस | ||
| 245 | 0 |
_aदस प्रतिनिधि कहानियाँ _cमुद्राराक्षस |
|
| 260 |
_aनई दिल्ली _bकिताबघर _c2005 |
||
| 300 | _a144 | ||
| 904 | _aReqst by : J. M. Parekh | ||
| 942 |
_2ddc _cH |
||
| 999 |
_c167164 _d167164 |
||